| 000 | 00493nam a2200181Ia 4500 | ||
|---|---|---|---|
| 001 | 10852 | ||
| 005 | 20260306161902.0 | ||
| 008 | 260306t2007||||xx |||||||||||||| ||spa|| | ||
| 041 | _aESP | ||
| 082 |
_a974.6 _bL25 |
||
| 100 |
_aLara Cisneros, Gerardo _eAUT |
||
| 245 | 0 |
_aEl Cristo viejo de Xichú: _bresistencia y rebelión en la Sierra Gorda durante el siglo XVIII |
|
| 260 | _c2007 | ||
| 300 |
_a245 páginas : _c21 cm. |
||
| 650 | _aGEN | ||
| 654 | _aCHU | ||
| 942 |
_cLIB _dJUS _fJUS _2ddc _n |
||
| 999 |
_c10852 _d10852 |
||